[Event "Shanghai Masters"]
[Site "Shanghai CHN"]
[Date "2010.09.07"]
[Round "5"]
[White "Aronian, L."]
[Black "Kramnik, V."]
[Result "0-1"]
[WhiteElo "2783"]
[BlackElo "2780"]
[PlyCount "142"]
[EventDate "2010.09.03"]

1. d4 Nf6 2. Nf3 d5 3. c4 e6 4. g3 dxc4 5. Bg2 Nc6 6. Qa4 Bb4+ 7. Bd2 Nd5 8.
Bxb4 Ndxb4 9. Nc3 Bd7 10. O-O a5 11. Qd1 O-O 12. e3 a4 13. Qe2 Na5 14. Ne5 Nd5
15. Nxd5 exd5 16. Bxd5 Bh3 17. Qf3 Bxf1 18. Bxf7+ Kh8 19. Rxf1 Nc6 20. Nxc6
bxc6 21. Qh5 Rb8 22. Bxc4 Rxb2 23. Bd3 g6 24. Bxg6 Qe7 25. Bb1 Qf7 26. Qc5 Rxf2
27. Qe5+ Rf6 28. Rf4 Qg7 29. Bf5 Rd6 30. Bc2 Rxf4 31. Qxf4 a3 32. g4 Qe7 33. g5
c5 34. dxc5 Rd2 35. Bb3 Kg7 36. h4 Rd3 37. Kg2 Rxe3 38. Qd4+ Re5 39. Bd5 c6 40.
Kg3 h6 41. gxh6+ Kxh6 42. Qf4+ Kh7 43. Bxc6 Rxc5 44. Qe4+ Qxe4 45. Bxe4+ Kg7
46. Kf4 Kf6 47. Ke3 Ke5 48. Kd3 Rb5 49. Kc4 Rb2 50. Bh7 Rh2 51. h5 Rxh5 52. Bc2
Rh2 53. Kb3 Kd4 54. Bg6 Rh4 55. Kb4 Rh6 56. Bf7 Ra6 57. Bg8 Ra7 58. Be6 Kd3 59.
Bb3 Kd2 60. Ba4 Rb7+ 61. Kc4 Kc1 62. Kc3 Kb1 63. Bb3 Rc7+ 64. Kd3 Kb2 65. Kd2
Rd7+ 66. Ke3 Kc3 67. Bg8 Re7+ 68. Kf2 Kd2 69. Kf3 Kd3 70. Kf2 Re2+ 71. Kf3 Re8
0-1